Azmat momin/ (Record no. 95416)
[ view plain ]
| 000 -LEADER | |
|---|---|
| fixed length control field | 00404nam a22001457a 4500 |
| 005 - DATE AND TIME OF LATEST TRANSACTION | |
| control field | 20170720145250.0 |
| 008 - FIXED-LENGTH DATA ELEMENTS--GENERAL INFORMATION | |
| fixed length control field | 170720b xxu||||| |||| 00| 0 eng d |
| 040 ## - CATALOGING SOURCE | |
| Transcribing agency | PK-LaUMT |
| 082 ## - DEWEY DECIMAL CLASSIFICATION NUMBER | |
| Classification number | ZIAC 297.081 |
| Item number | ABD-A |
| 100 ## - MAIN ENTRY--PERSONAL NAME | |
| Personal name | Abdullah Tariq , Muhammad |
| 245 ## - TITLE STATEMENT | |
| Title | Azmat momin/ |
| Statement of responsibility, etc | Muhammad Abdullah Tariq |
| 260 ## - PUBLICATION, DISTRIBUTION, ETC. (IMPRINT) | |
| Place of publication, distribution, etc | نئی دہلی: |
| Name of publisher, distributor, etc | انسٹی ٹیوٹ آف ، |
| Date of publication, distribution, etc | [ ] |
| 300 ## - PHYSICAL DESCRIPTION | |
| Extent | 27 ص |
| 942 ## - ADDED ENTRY ELEMENTS (KOHA) | |
| Koha item type | Books |
| Withdrawn status | Lost status | Damaged status | Home library | Current library | Date acquired | Full call number | Barcode | Date last seen | Price effective from | Koha item type |
|---|---|---|---|---|---|---|---|---|---|---|
| UMT Main Campus | UMT Main Campus | 2017-07-20 | ZIAC 297.081 ABD-A | 111054 | 2017-07-20 | 2017-07-20 | Books |
